| 000 | 00824cam a22002771 4500 | ||
|---|---|---|---|
| 001 | sa 65004148 | ||
| 003 | DLC | ||
| 005 | 20260227112128.0 | ||
| 008 | 900208s1963 ii b 001 0 sano | ||
| 010 | _asa 65004148 | ||
| 035 | _a(OCoLC)21021444 | ||
| 040 |
_aDLC _cWaU _dDLC |
||
| 041 | 0 | _asaneng | |
| 042 | _apremarc | ||
| 050 | 0 | 0 |
_aPK3798.V15 _bY3 1963 |
| 100 | 0 |
_aVādirājasūri, _dactive 1025-1042. |
|
| 245 | 0 | 0 | _aVādirājaviracitaṃ Yaśodharacaritam. |
| 260 | _c1963. | ||
| 300 |
_axviii, 233 p. _c23 cm. |
||
| 500 | _aAdded t. p. in English. | ||
| 500 | _aEnglish and Sanskrit; foreword, introd., and index in English. | ||
| 504 | _aBibliographical footnotes. | ||
| 700 | 0 |
_aLakṣmaṇa, _dactive approximately 1550. |
|
| 700 | 1 |
_aKrishnamoorthy, K., _d1923-1997. |
|
| 740 | 0 | _aYaśodharacaritam. | |
| 999 |
_c63568 _d63568 |
||